Pozorovanie parametrov asynchrónného motora : Dipl.práca

Guardado en:
Detalles Bibliográficos
Autor principal: Detvan, Pavol (Autor)
Otros Autores: Žalman, Milan, 1945- (Orientador)
Formato: Manuscrito Libro
Lenguaje:eslovaco
Publicado: Bratislava : STU v Bratislave FEI, 1999
Materias:
Etiquetas: Agregar Etiqueta
Sin Etiquetas, Sea el primero en etiquetar este registro!

MARC

LEADER 00000ntm a22000003a 4500
001 stu50386
005 20160719164806.2
008 990721s1999------------------------slo-d
040 |a STU  |b slo 
041 0 |a slo 
100 1 |a Detvan, Pavol  |4 aut 
245 1 |a Pozorovanie parametrov asynchrónného motora :  |b Dipl.práca 
260 |a Bratislava :  |b STU v Bratislave FEI,  |c 1999 
300 |a 61 s 
650 7 |a automatizácia  |2 stusub 
700 1 |a Žalman, Milan,  |d 1945-  |4 ths  |u E010  |T FEI Ústav riadenia a priemyselnej informatiky  |X 4928  |U E010  |Y E010  |7 A000004928